Normal view
MARC view
Entry Personal Name
001 - CONTROL NUMBER
- control field: 43751
003 - CONTROL NUMBER IDENTIFIER
- control field: dpl
005 - DATE AND TIME OF LATEST TRANSACTION
- control field: 20120313113448.0
008 - FIXED-LENGTH DATA ELEMENTS
- fixed length control field: 120313|||a|||||| | ||| d
040 ## - CATALOGING SOURCE
- Original cataloging agency: dpl
- Transcribing agency: dpl
100 ## - HEADING--PERSONAL NAME
- Personal name: Billy, Chris
670 ## - SOURCE DATA FOUND
- Source citation: Work cat.: (dpl): Billy, Chris, Grow rich with peach of mind /, 2006
670 ## - SOURCE DATA FOUND
- Source citation: Work cat.: (dpl): Billy, Chris, Grow rich with peach of mind /, 2006
